| 000 | 01937cam a2200493 a 4500 | ||
|---|---|---|---|
| 001 | 15576363 | ||
| 003 | ost | ||
| 005 | 20140310184353.0 | ||
| 008 | 090106s2010 nyua j 001 0beng | ||
| 010 | _a 2009000305 | ||
| 020 | _a9780531237014 (lib. bdg.) | ||
| 020 | _a053123701X (lib. bdg.) | ||
| 020 | _a9780531237014 (lib. bdg.) | ||
| 020 | _a053123701X (lib. bdg.) | ||
| 035 | _a(OCoLC)ocn297413727 | ||
| 040 |
_aDLC _cDLC _dIG# _dDLC |
||
| 042 | _alcac | ||
| 043 | _an-us--- | ||
| 050 | 0 | 0 |
_aE 302.6.F8 _b.V46 2010 |
| 100 | 1 |
_aVenezia, Mike. _924604 |
|
| 245 | 1 | 0 |
_aBenjamin Franklin : _belectrified the world with new ideas / _cwritten and illustrated by Mike Venezia. |
| 260 |
_aNew York : _bScholastic Inc., _c2010. |
||
| 300 |
_a32 p. : _c25 cm. _bcol. ill. ; |
||
| 490 | 1 | _aGetting to know the world's greatest inventors & scientists | |
| 521 | _aG8 | ||
| 526 | _c910 | ||
| 600 | 1 | 0 |
_aFranklin, Benjamin, _d1706-1790 _vJuvenile literature. _925356 |
| 600 | 1 | 1 |
_aFranklin, Benjamin, _d1706-1790. _925357 |
| 650 | 0 |
_aInventors _zUnited States _vBiography _vJuvenile literature. _925358 |
|
| 650 | 0 |
_aScientists _zUnited States _vBiography _vJuvenile literature. _925359 |
|
| 650 | 0 |
_aStatesmen _zUnited States _vBiography _vJuvenile literature. _925360 |
|
| 650 | 0 |
_aPrinters _zUnited States _vBiography _vJuvenile literature. _925361 |
|
| 650 | 1 |
_aInventors _zUnited States _vBiography. _925362 |
|
| 650 | 1 |
_aScientists _zUnited States _vBiography. _925363 |
|
| 650 | 1 |
_aStatesmen _zUnited States _vBiography. _925364 |
|
| 650 | 1 |
_aPrinters _zUnited States _vBiography. _925365 |
|
| 830 | 0 |
_aVenezia, Mike. _tGetting to know the world's greatest inventors & scientists. _925366 |
|
| 906 |
_a7 _bcbc _corignew _d1 _eecip _f20 _gy-gencatlg |
||
| 942 |
_2lcc _cBK-SCHOLAS |
||
| 999 |
_c33976 _d33976 |
||